LEADER 01270nam 2200445 450 001 9910466933903321 005 20200120134729.0 010 $a2-87586-022-4 035 $a(CKB)3790000000024753 035 $a(EBL)2088178 035 $a(MiAaPQ)EBC2088178 035 $a(Au-PeEL)EBL2088178 035 $a(OCoLC)914149436 035 $a(EXLCZ)993790000000024753 100 $a20200120d2014 uy 0 101 0 $afre 135 $aur|n|---||||| 181 $ctxt$2rdacontent 182 $cc$2rdamedia 183 $acr$2rdacarrier 200 10$aTel est pris -- /$fMichel Vanvaerenbergh 210 1$aHe?villers :$cKer e?ditions,$d[2014] 210 4$dİ2014 215 $a1 online resource (17 p.) 225 0 $aParoles Aeriennes 300 $aDescription based upon print version of record. 327 $aTel est pris...; Cette histoire vous a plu ?; .Aux e?ditions Ker 410 0$aParoles ae?riennes 606 $aAir pilots$vAnecdotes 608 $aElectronic books. 615 0$aAir pilots 676 $a363.124 700 $aVanvaerenbergh$b Michel$0858429 801 0$bMiAaPQ 801 1$bMiAaPQ 801 2$bMiAaPQ 906 $aBOOK 912 $a9910466933903321 996 $aTel est pris --$92506504 997 $aUNINA LEADER 03480oam 2200709I 450 001 9910458687303321 005 20200520144314.0 010 $a1-136-97051-7 010 $a1-136-97052-5 010 $a1-282-62954-9 010 $a9786612629549 010 $a0-203-85159-5 024 7 $a10.4324/9780203851593 035 $a(CKB)2560000000010083 035 $a(EBL)534232 035 $a(OCoLC)642661676 035 $a(SSID)ssj0000428997 035 $a(PQKBManifestationID)11323192 035 $a(PQKBTitleCode)TC0000428997 035 $a(PQKBWorkID)10443224 035 $a(PQKB)11332965 035 $a(MiAaPQ)EBC534232 035 $a(Au-PeEL)EBL534232 035 $a(CaPaEBR)ebr10394452 035 $a(CaONFJC)MIL262954 035 $a(OCoLC)645429798 035 $a(EXLCZ)992560000000010083 100 $a20180706d2010 uy 0 101 0 $aeng 135 $aur|n|---||||| 181 $ctxt 182 $cc 183 $acr 200 14$aThe strong and the weak in Japanese literature $ediscrimination, egalitarianism, nationalism /$fFuminobu Murakami 210 1$aMilton Park, Abingdon ;$aNew York :$cRoutledge,$d2010. 215 $a1 online resource (206 p.) 225 1 $aRoutledge advances in Asia-Pacific studies ;$v11 300 $aDescription based upon print version of record. 311 $a1-138-86289-4 311 $a0-415-57386-6 320 $aIncludes bibliographical references and index. 327 $aBook Cover; Title; Copyright; Contents; Preface; 1 Introduction; 2 The strong and the weak in Japanese religious, philosophical and political writings; 3 Ugly ladies in The Tale of Genji; 4 Women, humble men and insulted people in The Tale of the Heike; 5 Sacrifice and revenge, love and war, and a world without violence in The Eight Dog Chronicles; 6 Dancing girl, geisha, mistress and wife in Kawabata Yasunari's stories: The Dancing Girl of Izu, Snow Country, Thousand Cranes and The Sound of the Mountain; 7 Conclusion; Notes; Bibliography; Index 330 $aThis book uses texts from classical to modern Japanese literature to examine concepts of 'respect for the strong', as a notion of an evolutionary society, and 'sympathy for the weak', as a notion of a non-violent and changeless egalitarian society. The term strong refers not just to those with strength and power. It also includes other ideal attributes such as beauty, youth and goodness. Similarly, the term weak implies not only the weak and infirm, but also the disadvantaged, the indecent, the unsophisticated and those generally shunned by society. The former are associated not only with t 410 0$aRoutledge advances in Asia-Pacific studies ;$v11. 606 $aJapanese literature$xHistory and criticism 606 $aLiterature and society$zJapan$xHistory 606 $aNational characteristics, Japanese, in literature 606 $aPower (Social sciences) in literature 608 $aElectronic books. 615 0$aJapanese literature$xHistory and criticism. 615 0$aLiterature and society$xHistory. 615 0$aNational characteristics, Japanese, in literature. 615 0$aPower (Social sciences) in literature. 676 $a895.6/09 700 $aMurakami$b Fuminobu$f1951-,$0940430 801 0$bMiAaPQ 801 1$bMiAaPQ 801 2$bMiAaPQ 906 $aBOOK 912 $a9910458687303321 996 $aThe strong and the weak in Japanese literature$92212829 997 $aUNINA LEADER 01357nam0 22003131i 450 001 UON00379722 005 20231205104521.302 010 $a978-36-431-0231-7 100 $a20100401d2009 |0itac50 ba 101 $aeng 102 $aDE 105 $a|||| 1|||| 200 1 $aLanguage policy and linguistic minorities in India$ean appraisal of the linguistic rights of minorities in India$fThomas Benedikter 210 $aBerlin$cLIT verlag$d2009 215 $a230 p.$cill.$d21 cm 311 $aSI II 057 N$9UON00481844 410 0$1001UON00481844$12001 $aLIT studies on Asia$1210 $aBerlin$cLIT verlag$d20-$v3 SI II 057 N 606 $aIndia$xPolitica linguistica$3UONC092358$2FI 606 $aMINORANZE LINGUISTICHE$xINDIA$3UONC075277$2FI 620 $aDE$dBerlin$3UONL003157 686 $aSI II$cSUBCONT. INDIANO - LINGUISTICA$2A 700 1$aBENEDIKTER$bThomas$3UONV236543$0309305 712 $aLit$3UONV249614$4650 801 $aIT$bSOL$c20260227$gRICA 899 $aSIBA - SISTEMA BIBLIOTECARIO DI ATENEO E ARCHIVIO STORICO$2UONSI 912 $aUON00379722 950 $aSIBA - SISTEMA BIBLIOTECARIO DI ATENEO E ARCHIVIO STORICO$dSI SI II 057 N $eSI SA 126801 7 057 N 996 $aLanguage policy and linguistic minorities in India$91738626 997 $aUNIOR